[Event "Rheinland Pfalz op 4th"]
[Site "Altenkirchen"]
[Date "2012.06.08"]
[Round "4"]
[White "Jenisch, Achim"]
[Black "Schroeter, Carsten"]
[Result "1-0"]
[WhiteElo "1859"]
[BlackElo "1523"]
[PlyCount "59"]
[EventDate "2012.06.07"]
[EventType "swiss"]
[EventRounds "7"]
[EventCountry "GER"]
[SourceTitle "CBM 148 Extra"]
[Source "ChessBase"]
[SourceDate "2012.06.22"]
[SourceVersion "1"]
[SourceVersionDate "2012.06.22"]
[SourceQuality "1"]

1. c4 c5 2. g3 Nc6 3. Bg2 Nf6 4. Nc3 g6 5. Nf3 Bg7 6. d4 cxd4 7. Nxd4 0-0 8. 0-0 Qb6 9. Nc2 d6 10. Rb1 Rd8 11. Be3 Qc7 12. Nb5 Qd7 13. b3 Ng4 14. Bd2 a6 15. Nc3 Rb8 16. Qc1 f5 17. Ne3 Nce5 18. h3 Nxe3 19. Bxe3 Rf8 20. Nd5 Qd8 21. Bb6 Qd7 22. Ba7 b5 23. Bxb8 f4 24. Nxf4 Bb7 25. Bxd6 Bxg2 26. Kxg2 exd6 27. cxb5 Rc8 28. Qd2 axb5 29. Rfd1 Qb7+ 30. Qd5+ 1-0